| 000 | 00956cam a22002531 4500 | ||
|---|---|---|---|
| 001 | med47001928 | ||
| 003 | DLC | ||
| 005 | 20260227111604.0 | ||
| 008 | 840521s1947 dcu f000 0 eng | ||
| 010 | _amed47001928 | ||
| 035 | _a(OCoLC)10756229 | ||
| 040 |
_aDLC _cMdU-H _dMdU-H _dDLC |
||
| 042 | _apremarc | ||
| 050 | 0 | 0 |
_aRA11 _b.B154 no. 38 |
| 082 | _a615.36 | ||
| 110 | 1 |
_aUnited States. _bPublic Health Service. |
|
| 245 | 0 | 0 | _aDating decision number 10: the dating periods recommended for those biologic products specified in the Biologics Section of the Public Health Service Act of July 1, 1944. |
| 260 |
_a[Washington, _bU.S. Govt. Print. Off., _c1947] |
||
| 300 |
_a7 p. _c24 cm. |
||
| 490 | 1 |
_aIts Miscellaneous publication _vno. 38 |
|
| 500 | _a"Supersede[s] Dating decision number 9 issued January 25, 1943." | ||
| 650 | 0 | _aBiological products. | |
| 830 | 0 |
_aMiscellaneous publication (United States. Public Health Service) ; _vno. 38. |
|
| 999 |
_c38464 _d38464 |
||